000 00423nam a2200145Ia 4500
008 090122s9999 xx 000 0 und d
082 _b8390
_a891.4681
100 _aकाणेकर
_bअनंत
245 _aचौकोनी आकाश
600 _aकाणेकर
630 _aचौकोनी आकाश
700 _aकाणेकर
730 _aचौकोनी आकाश
942 _cBOOK
999 _c32467
_d32467